000 00961nam a2200253Ia 4500
003 GCL
008 140319s9999 xx 000 0 ara d
040 _aGCL /
_cGCL
082 0 4 _a378.101
_bا ا
100 1 _aاحمد محمد الخطيب
245 1 0 _aالادارة الابداعية للجامعات :
_bنماذج حديثة /
_cاحمد محمد الخطيب
700 1 _aعادل سالم معايعة
250 _aالاولى
260 _aالاردن :
_bجدارا للكتاب العالمي ،
_c2006
300 _a358 ص ؛
_c24 سم
650 0 4 _aالتعليم العالى
650 0 4 _aالتعليم الجامعى
650 0 4 _aالبحث العلمى
650 0 4 _aالجامعات والكليات - تنظيم وادارة
650 0 4 _aمنهجية دلفاى
650 0 4 _aالجامعات والكليات الخاصة
650 0 4 _aالجامعات والكليات الخاصة - تقييم
942 _2ddc
_cBK
999 _c10005
_d10005